People With U.S. State Names Quiz Stats

 Plays Quiz not verified by Sporcle

Score 0/21 Timer 05:00
0 Plays Today
Name Answer % Correct
Hannah _____________Montana
89.4%
______________ FanningDakota
88.2%
______________WoolfVirginia
76.5%
_____________ O'KeeffeGeorgia
74.1%
Joe _____________Montana
71.8%
_____________ JonesIndiana
63.5%
Dani _____________California
54.1%
_______________ DareVirginia
54.1%
_________________ FatsMinnesota
37.6%
_____________ EvansFlorida
29.4%
Harold________________Washington
25.9%
Name Answer % Correct
_______________ TuxedoTennessee
24.7%
Herb__________________Washington
22.4%
John _____________Maine
21.2%
_____ __________ 2 word stateNew Jersey
20%
Johnny __________Utah
17.6%
Steve _______________Nebraska
8.2%
_________ _________ both names statesAlaska Nebraska
8.2%
Nathan ____________Arizona
7.1%
Randy____________California
5.9%
Alex _____________Delaware
5.9%

You're not logged in!

Compare scores with friends on all Sporcle quizzes.
OR
Log In

Show Comments

Extras

Top Quizzes Today


Score Distribution

Your Account Isn't Verified!

In order to create a playlist on Sporcle, you need to verify the email address you used during registration. Go to your Sporcle Settings to finish the process.

Report this User

Report this user for behavior that violates our Community Guidelines.

Details: